Quiz o walutach świata - Statystyki

Ogólne statystyki
  • Ten quiz został rozwiązany 4 591 razy
    1 621 od ostatniego zresetowania
  • Średni wynik to 20 z 74
Statystyki odpowiedzi
Państwo Waluta % Poprawnych
Wiele państw w Europie i Cypr Euro
99%
Stany Zjednoczone, Kanada, Australia i wiele innych Dolar
94%
Polska Złoty
94%
Czechy, Dania, Islandia, Norwegia, Szwecja Korona
87%
Wielka Brytania, Egipt, Liban, Sudan, Syria Funt
80%
Białoruś, Rosja Rubel
80%
Meksyk, Argentyna, Chile, Filipiny i inni... Peso
73%
Szwajcaria i wiele państw w Afryce Frank
72%
Japonia Jen
70%
Ukraina Hrywna
56%
Indie, Indonezja, Pakistan, Sri Lanka, Malediwy, Nepal i inne... Rupia
56%
Węgry Forint
53%
Chiny Yuan
53%
Turcja Lira
52%
Algieria, Irak, Serbia, Tunezja i inne... Dinar
49%
Mołdawia, Rumunia Lej
40%
Korea Południowa, Korea Północna Won
40%
Iran, Jemen, Oman Rial
39%
Katar, Arabia Saudyjska Rial
39%
Macedonia Północna Denar
34%
Wenezuela Boliwar
33%
Albania Lek
33%
Bośnia i Hercegowina Marka
33%
Brazylia Real
33%
Izrael Szekel
32%
Tajlandia Bat
31%
Kambodża Riel
28%
Kenia, Somalia, Tanzania, Uganda Szyling
26%
Maroko, Zjednoczone Emiraty Arabskie Dirham
25%
Wietnam Dong
22%
Republika Południowej Afryki Rand
18%
Gruzja Lari
15%
Azerbejdżan, Turkmenistan Manat
13%
Peru Sol
13%
Afganistan Afgani
12%
Kirgistan, Uzbekistan Som
12%
Armenia Dram
11%
Republika Zielonego Przylądka Escudo
11%
Samoa Tālā
11%
Kazachstan Tenge
11%
Kostaryka Colón
10%
Paragwaj Guaraní
10%
Gwatemala Quetzal
10%
Panama Balboa
9%
Boliwia Boliviano
9%
Zimbabwe Gold
9%
Laos Kip
9%
Malezja Ringgit
9%
Bangladesz Taka
9%
Mongolia Tugrik
9%
Etiopia Birr
8%
Wyspy Świętego Tomasza i Książęca Dobra
8%
Haiti Gourde
8%
Malawi, Zambia Kwacha
8%
Angola Kwanza
8%
Honduras Lempira
8%
Sierra Leone Leone
8%
Botswana Pula
8%
Tadżykistan Somoni
8%
Vanuatu Vatu
8%
Madagaskar Ariary
7%
Ghana Cedi
7%
Nikaragua Córdoba
7%
Gambia Dalasi
7%
Mjanma Kiat
7%
Papua Nowa Gwinea Kina
7%
Mozambik Metical
7%
Nigeria Naira
7%
Erytrea Nakfa
7%
Bhutan Ngultrum
7%
Tonga Paʻanga
7%
Eswatini Lilangeni
6%
Lesotho Loti
6%
Mauretania Ugija
6%
Nie znaleziono quizów pasujących do podanych kryteriów
Rozkład punktacji
Procent ludzi z każdym wynikiem
Percentyl według liczby udzielonych odpowiedzi
Twoja historia wyników
Nie rozwiązałeś tego quizu od ostatniego zresetowania